Tierärztliche Haltungsempfehlungen für die Unterbringung kleiner Heimtiere in Tierheimen /

Bibliographic Details
Main Author: Jacobs, Stefan
Format: Thesis Book
Language:German
Published: [Place of publication not identified] : [publisher not identified], 1998.

MARC

Tag First Indicator Second Indicator Subfields
LEADER 00000cam a2200000Ka 4500
001 in00004528186
005 20191205082216.0
008 000207s1998 xx a bm 000 0 ger d
016 7 |a 954441060  |2 DE-101 
035 |a (OCoLC)ocm43412411 
035 |a (OCoLC)43412411 
035 |z (UtOrBLW)68984 
035 |a 96759 
040 |a IWA  |c IWA  |d OCLCQ  |d HEBIS  |d UtOrBLW 
049 |a TMVM 
100 1 |a Jacobs, Stefan. 
245 1 0 |a Tierärztliche Haltungsempfehlungen für die Unterbringung kleiner Heimtiere in Tierheimen /  |c von Stefan Jacobs. 
264 1 |a [Place of publication not identified] :  |b [publisher not identified],  |c 1998. 
300 |a 206 pages :  |b illustrations ;  |c 21 cm. 
336 |a text  |2 rdacontent  |b txt 
337 |a unmediated  |2 rdamedia 
338 |a volume  |2 rdacarrier  |b nc 
502 |b Dr. med. vet.  |c Tierärztliche Hochschule Hannover  |d 1998. 
500 |a Summary in English. 
504 |a Includes bibliographical references. 
999 |a MARS 
999 f f |s fadc229d-2183-3c2f-abc6-8d1eccad5f1a  |i 34bb8d48-a15f-3bbc-b33b-4b59b8172645  |t 0 
952 f f |p preservation  |a Texas A&M University  |b J.J. Pickle Campus  |c High Density Repository  |d Remote Storage  |t 0  |e German dissertations  |h Other scheme  |i unmediated -- volume  |m 3238902520685 
998 f f |a German dissertations  |t 0  |l Remote Storage